Tribhuvan University Central Library

Nepal : (Record no. 120063)

MARC details
000 -LEADER
fixed length control field 00758nam a22002417a 4500
008 - FIXED-LENGTH DATA ELEMENTS--GENERAL INFORMATION
fixed length control field 250206b |||||||| |||| 00| 0 eng d
020 ## - INTERNATIONAL STANDARD BOOK NUMBER
International Standard Book Number 9789937206020
082 ## - DEWEY DECIMAL CLASSIFICATION NUMBER
Edition number 23rd
Classification number 303.4
Item number N351
245 ## - TITLE STATEMENT
Title Nepal :
Remainder of title transition to transformation /
260 ## - PUBLICATION, DISTRIBUTION, ETC.
Place of publication, distribution, etc. Kathmandu University :
Name of publisher, distributor, etc. Human and Natural Resources Studies Center,
Date of publication, distribution, etc. 2008.
300 ## - PHYSICAL DESCRIPTION
Extent vi, 234p.
500 ## - GENERAL NOTE
General note Includes references.
650 ## - SUBJECT ADDED ENTRY--TOPICAL TERM
Topical term or geographic name entry element Social change
650 ## - SUBJECT ADDED ENTRY--TOPICAL TERM
Topical term or geographic name entry element Articles
9 (RLIN) 10969
700 1# - ADDED ENTRY--PERSONAL NAME
Personal name Basnet, Jagat
9 (RLIN) 37186
700 1# - ADDED ENTRY--PERSONAL NAME
Personal name Ghimire, Anita
9 (RLIN) 37187
700 1# - ADDED ENTRY--PERSONAL NAME
Personal name Nepali, Purna
9 (RLIN) 37188
700 1# - ADDED ENTRY--PERSONAL NAME
Personal name Pyakuryal, Kailash Nath
9 (RLIN) 37189
700 1# - ADDED ENTRY--PERSONAL NAME
Personal name Rajbhandari, Renu
9 (RLIN) 37190
700 1# - ADDED ENTRY--PERSONAL NAME
Personal name Sharma, Sagar Raj
9 (RLIN) 37191
700 1# - ADDED ENTRY--PERSONAL NAME
Personal name Uprety, Bishnu Raj
9 (RLIN) 37192
942 ## - ADDED ENTRY ELEMENTS (KOHA)
Source of classification or shelving scheme Dewey Decimal Classification
Koha item type ISBN
Holdings
Withdrawn status Lost status Source of classification or shelving scheme Damaged status Not for loan Home library Current library Date acquired Total Checkouts Full call number Barcode Date last seen Price effective from Koha item type
    Dewey Decimal Classification     Tribhuvan University Central Library Tribhuvan University Central Library 02/06/2025   303.4 N351 IS6288 02/06/2025 02/06/2025 ISBN